000 04694nam a22005293a 4500
005 20051014160153.0
008 050725t20052003nyu 000 1 eng d
010 _aENG-92059 B-317135-149
020 _a9788189975807
_c150.00
035 _aEN-75592
035 _aB-317135-149
035 _aB-357634
037 _bDBAD / PUB
037 _bUBH
040 _adpl
_bEnglish
082 _a796.358092
100 _aEzekiel, Gulu
245 _aCaptain cool:
_cby Gulu Ezekiel
_bthe M.S. Dhoni story /
260 _aNew Delhi
_bWestland
_c2008
270 _aF-5, Okhla Industrial Area, Phase - I, Mezzanine Floor,
_bNew Delhi
_e110020
300 _ax, 128p.
_c21 cm. (pbk)
600 _aDhoni, Mahendra Singh, 1981-
650 _aCricket players
_zIndia
_xBiography.
655 _a.
655 _aDomestic fiction.
_2lcsh
710 _aCopyright Paperback Collection (Library of Congress)
942 _2ddc
_cEN
_mEZE
_h796.358092
999 _c15892
_d15892